Carregando...
Sevasadanam/
| Autor principal: | |
|---|---|
| Formato: | Printed Book |
| Idioma: | Malayalam |
| Publicado em: |
Kottayam:
Sahithya Pravarthaka Sahakarana Sangham,
1955.
|
| LEADER | 00463nam a2200121Ia 4500 | ||
|---|---|---|---|
| 008 | 111205s9999 xx 000 0 mal d | ||
| 100 | |a Premchand | ||
| 245 | |a Sevasadanam/ |c Premchand | ||
| 260 | |b Sahithya Pravarthaka Sahakarana Sangham, |a Kottayam: |c 1955. | ||
| 300 | |a 296p. | ||
| 942 | |c BK |2 ddc | ||
| 999 | |c 220714 |d 220714 | ||
| 952 | |0 0 |1 0 |2 ddc |4 0 |6 891_000000000000000_433P1_SEV |7 0 |9 243749 |a MAL |b MAL |c ST1 |d 2020-12-27 |g 4.00 |l 0 |o 891.433P1 SEV |p MAL12157 |r 2011-12-05 |v 4.00 |w 2011-12-05 |y BK | ||